000 00430nam a2200157Ia 4500
005 20240912120759.0
008 240806s9999||||xx |||||||||||||| ||eng||
041 _aeng
082 _a891.4309
_bVERM.2
100 _aDheerendra Verma, Vrajeshwar Verma
245 0 _aHindi sahitya dwitiya khand /
_cDheerendra Verma, Vrajeshwar Verma
260 _bBharateey Hindi Parishad Prayag
300 _a0
650 _aHindi
942 _cBK
999 _c18857
_d18857